50 Most Common German Verbs - Statistics

General Stats
  • This quiz has been taken 810 times
  • The average score is 18 of 50
Answer Stats
# Verb % Correct
1 sein
89%
2 haben
86%
12 gehen
83%
7 machen
72%
14 sehen
72%
11 wollen
63%
34 fahren
59%
4 können
59%
6 sagen
58%
31 sprechen
57%
5 müssen
52%
28 mögen
50%
3 werden
50%
8 geben
49%
10 sollen
48%
9 kommen
44%
33 leben
43%
21 denken
42%
24 dürfen
42%
22 nehmen
42%
23 tun
42%
16 stehen
40%
13 wissen
40%
41 arbeiten
38%
44 lernen
36%
40 spielen
35%
19 liegen
31%
36 fragen
30%
37 kennen
29%
25 glauben
28%
42 brauchen
26%
17 finden
26%
48 bekommen
25%
18 bleiben
25%
20 heißen
24%
15 lassen
24%
32 bringen
22%
39 stellen
22%
46 verstehen
21%
26 halten
20%
47 setzen
19%
35 meinen
16%
29 zeigen
12%
49 beginnen
11%
50 erzählen
11%
30 führen
9%
43 folgen
8%
27 nennen
8%
38 gelten
3%
45 bestehen
2%
No matching quizzes found
Score Distribution
Percent of People with Each Score
Percentile by Number Answered
Your Score History
You have not taken this quiz